Plantas, virus e insectos

Saved in:
Bibliografiske detaljer
Hovedforfatter: Esau, Katherine
Format: Bog
Sprog:spansk
Udgivet: Buenos Aires, Argentina EUDEBA 1966
Serier:Cuadernos de EUDEBA. 153
Fag:
Tags: Tilføj Tag
Ingen Tags, Vær først til at tagge denne postø!

MARC

LEADER 00000nam a2200000 a 4500
001 UCT2319
003 CL-VaPUC
005 20250225112246.0
008 961011e19660000AG |||||||||||||||||spa|d
999 |c 252471  |d 252469 
040 |c Pontificia Universidad Católica de Valparaíso 
082 0 4 |a 581.1 ESA 1966  |2 21 
100 0 |a Esau, Katherine  |9 371363 
245 1 0 |a Plantas, virus e insectos 
260 0 3 |a Buenos Aires, Argentina  |b EUDEBA  |c 1966 
300 |a 102 páginas 
490 0 |a Cuadernos de EUDEBA.  |v 153 
583 |a last modification  |c 20171031 10:59:45  |k Rodrigo Vera 
650 0 |a Plantas  |9 264555 
650 0 |a Vida vegetativa  |9 361562 
650 0 |a Células   |9 269548 
650 0 |a Fisiología vegetal  |9 260158 
650 0 |a Anatomía vegetal  |9 269541 
942 |c BK  |2 ddc 
945 |d 19961011 00:00:00  |a paguirre 
952 |0 0  |1 0  |2 ddc  |4 0  |6 581_100000000000000_ESA_1966  |7 0  |8 A  |9 272361  |a BIBCUR  |b BIBCUR  |d 2019-11-19  |i 1782401  |o 581.1 ESA 1966  |p 1782401  |r 2025-04-22  |t 1  |w 2019-11-19  |y BK  |k BIO